| 000 | 00728nam a22002417a 4500 | ||
|---|---|---|---|
| 999 |
_c16586 _d16586 |
||
| 003 | AR-CdUCM | ||
| 008 | 190503b ||||| |||| 00| 0 spa d | ||
| 040 |
_aMUNICIPALIDAD PROVINCIAL DEL CUSCO _cBIBLIOTECA MUNICIPAL DEL CUSCO |
||
| 041 | _heng | ||
| 082 |
_a812 / _bF28 / 1952 |
||
| 100 |
_aFaulkner, William _954 |
||
| 245 | _aRéquiem para una mujer / | ||
| 260 |
_aBuenos Aires : _bEmecé, _c1952. |
||
| 300 |
_a224 páginas ; _c19 cm. |
||
| 440 |
_aGrandes Novelistas. _935252 |
||
| 505 | _aContenido: Teatro. | ||
| 650 |
_aTeatro _9173 |
||
| 650 |
_aLiteratura Estadounidense _931137 |
||
| 650 |
_aSiglo XX _98 |
||
| 700 |
_aZalamea, Jorge (traducción) _936106 |
||
| 942 |
_2ddc _cLIBROS |
||
| 945 |
_aachl _d2019-05-03 |
||